|
|
|
|
| LEADER |
00000nas a2200000 i 4500 |
| 001 |
ssj0001219443 |
| 003 |
WaSeSS |
| 005 |
20200512172242.0 |
| 006 |
m d |
| 007 |
cr n |
| 008 |
140509c20uu9999msuqr p|s|||||| |0eng d |
| 035 |
|
|
|a (WaSeSS)ssj0001219443
|
| 040 |
|
|
|a WaSeSS
|b eng
|c WaSeSS
|d WaSeSS
|
| 050 |
|
4 |
|a HD30.4
|
| 245 |
0 |
0 |
|a Academy of business research journal
|h [electronic resource].
|
| 260 |
|
|
|a Gulfport, Mississippi :
|b Academy of Business Research
|
| 310 |
|
|
|a Quarterly
|
| 506 |
|
|
|a License restrictions may limit access.
|
| 588 |
|
|
|a Description based on: Volume 1 (2011); title from title screen (EBSCOhost, viewed May 9, 2014).
|
| 588 |
|
|
|a Latest issue consulted: Volume 1 (2014) (viewed May 9, 2014).
|
| 650 |
|
0 |
|a Business
|x Research
|v Periodicals.
|
| 655 |
|
0 |
|a Electronic journals.
|
| 856 |
4 |
0 |
|z Full text available from Research Library: 01/01/2016 to present
|u https://search.proquest.com/publication/2044544
|